Word Ladder #3 - Statistics

General Stats
  • This quiz has been taken 26 times
  • The average score is 13 of 15
Answer Stats
Hint Answer % Correct
Not pepper, but ____ Salt
100%
Large in height Tall
100%
Are kept in a dollhouse Doll
96%
Shopping ____. Mall
96%
A type of whiskey or a chocolate snack, ____esers Malt
96%
An actor has a ___ in a movie or TV show Role
96%
Sushi are ____ed seaweed and other ingredients Roll
96%
Foot bottom Sole
96%
A type of herb, ____ pickle Dill
92%
Drugs or medicine Pill
88%
My first name, what you leave when you die Will
79%
A mound, a heap Pile
67%
An injury, a ____ Sore
67%
Beach or _____ Shore
63%
Opposite of above question, changes word completely Short
63%
No matching quizzes found
Score Distribution
Percent of People with Each Score
Percentile by Number Answered
Your Score History
You have not taken this quiz